[Event "Campeonato España Sub 18"]
[Site "Salobreña"]
[Date "2017.07.31"]
[Round "1"]
[White "Ortega Lopez, Mikel"]
[Black "Antunez Munoz, Ines"]
[Result "1-0"]
[Board "16"]
[WhiteClock "1:30"]
[WhiteTitle "FM"]
[WhiteElo "2259"]
[WhiteCountry "ESP"]
[WhiteFideId "22252878"]
[WhiteEloChange "3"]
[BlackClock "1:30"]
[BlackElo "1960"]
[BlackCountry "ESP"]
[BlackFideId "22274618"]
[BlackEloChange "-3"]

1. e4 {[%clk 1:30:00]} e6 {[%clk 1:30:00]} 2. d4 {[%clk 1:31:00]} d5 {[%clk
1:31:00]} 3. Nd2 {[%clk 1:31:00]} Be7 {[%clk 1:31:00]} 4. e5 {[%clk 1:31:00]} c5
{[%clk 1:31:00]} 5. c3 {[%clk 1:32:00]} Nc6 {[%clk 1:31:00]} 6. Bd3 {[%clk
1:30:00]} cxd4 {[%clk 1:31:00]} 7. cxd4 {[%clk 1:30:00]} Qb6 {[%clk 1:31:00]} 8.
Ndf3 {[%clk 1:30:00]} Bd7 {[%clk 1:31:00]} 9. Ne2 {[%clk 1:26:00]} Nb4 {[%clk
1:29:00]} 10. Bb1 {[%clk 1:07:00]} Bb5 {[%clk 1:27:00]} 11. O-O {[%clk 0:51:00]}
Qa6 {[%clk 1:25:00]} 12. Re1 {[%clk 0:52:00]} Nd3 {[%clk 1:25:00]} 13. Bxd3
{[%clk 0:52:00]} Bxd3 {[%clk 1:25:00]} 14. Nf4 {[%clk 0:51:00]} Bf5 {[%clk
1:15:00]} 15. Be3 {[%clk 0:40:00]} Bb4 {[%clk 1:07:00]} 16. Rf1 {[%clk 0:25:00]}
Ne7 {[%clk 1:05:00]} 17. a3 {[%clk 0:25:00]} Ba5 {[%clk 1:04:00]} 18. b4 {[%clk
0:19:52]} Bc7 {[%clk 0:58:00]} 19. a4 {[%clk 0:20:00]} O-O {[%clk 0:49:00]} 20.
b5 {[%clk 0:09:26]} Qb6 {[%clk 0:48:00]} 21. Qc1 {[%clk 0:05:15]} Rfc8 {[%clk
0:44:00]} 22. Qa3 {[%clk 0:05:40]} Bd8 {[%clk 0:41:00]} 23. Bd2 {[%clk 0:02:25]}
a5 {[%clk 0:33:00]} 24. Rfc1 {[%clk 0:02:07]} h6 {[%clk 0:30:00]} 25. Rc5 {[%clk
0:01:58]} Qa7 {[%clk 0:21:00]} 26. Rac1 {[%clk 0:00:45]} b6 {[%clk 0:21:00]} 27.
Rxc8 {[%clk 0:00:32]} Rxc8 {[%clk 0:21:00]} 28. Rxc8 {[%clk 0:00:49]} Nxc8 {[%clk
0:22:00]} 29. Ne1 {[%clk 0:01:20]} Qc7 {[%clk 0:17:18]} 30. Qc1 {[%clk 0:00:35]}
Qxc1 {[%clk 0:16:20]} 31. Bxc1 {[%clk 0:01:04]} Be7 {[%clk 0:16:40]} 32. f3
{[%clk 0:00:38]} Bb1 {[%clk 0:13:30]} 33. Nfd3 {[%clk 0:00:34]} Ba2 {[%clk
0:12:57]} 34. Kf2 {[%clk 0:00:49]} Bb3 {[%clk 0:11:34]} 35. Nb2 {[%clk 0:01:18]}
Ba3 {[%clk 0:05:19]} 36. Ned3 {[%clk 0:01:47]} Ne7 {[%clk 0:04:58]} 37. Bd2
{[%clk 0:02:06]} Nf5 {[%clk 0:04:38]} 38. Bc3 {[%clk 0:02:05]} Kh7 {[%clk
0:02:33]} 39. g4 {[%clk 0:01:04]} Ne7 {[%clk 0:02:48]} 40. Ke3 {[%clk 0:01:12]}
Kg6 {[%clk 0:00:42]} 41. Bd2 {[%clk 0:00:33]} Kh7 {[%clk 0:00:36]} 42. Bc3 {[%clk
0:00:39]} Kg6 {[%clk 0:00:40]} 43. h3 {[%clk 0:00:34]} Kh7 {[%clk 0:00:40]} 44.
Be1 {[%clk 0:00:39]} g6 {[%clk 0:00:34]} 45. Kd2 {[%clk 0:00:35]} g5 {[%clk
0:00:33]} 46. Ke3 {[%clk 0:00:37]} Kg6 {[%clk 0:00:39]} 47. h4 {[%clk 0:01:01]}
Kg7 {[%clk 0:00:40]} 48. h5 {[%clk 0:01:11]} Nc8 {[%clk 0:00:36]} 49. Kd2 {[%clk
0:01:28]} Ne7 {[%clk 0:00:37]} 50. Kc3 {[%clk 0:01:52]} Ba2 {[%clk 0:00:39]} 51.
Kc2 {[%clk 0:02:06]} Kf8 {[%clk 0:00:33]} 52. Bd2 {[%clk 0:01:46]} Kg7 {[%clk
0:00:50]} 53. Be3 {[%clk 0:01:56]} Nc8 {[%clk 0:00:33]} 54. Bf2 {[%clk 0:02:05]}
Ne7 {[%clk 0:00:39]} 55. Be1 {[%clk 0:01:27]} Kf8 {[%clk 0:00:36]} 56. Bd2 {[%clk
0:01:53]} Kg7 {[%clk 0:00:50]} 57. Nc1 {[%clk 0:01:57]} Bxb2 {[%clk 0:00:41]} 58.
Kxb2 {[%clk 0:02:23]} Bc4 {[%clk 0:00:55]} 59. Kc2 {[%clk 0:02:43]} Bf1 {[%clk
0:00:52]} 60. Kd1 {[%clk 0:03:10]} Bc4 {[%clk 0:00:42]} 61. Be3 {[%clk 0:03:09]}
Kf8 {[%clk 0:00:33]} 62. Kd2 {[%clk 0:03:00]} Kg7 {[%clk 0:00:43]} 63. f4 {[%clk
0:03:04]} gxf4 {[%clk 0:00:49]} 64. Bxf4 {[%clk 0:03:30]} f6 {[%clk 0:00:32]} 65.
exf6+ {[%clk 0:03:36]} Kxf6 {[%clk 0:00:55]} 66. Bxh6 {[%clk 0:04:02]} Ng8 {[%clk
0:00:31]} 67. Bf4 {[%clk 0:04:03]} Ne7 {[%clk 0:00:41]} 68. Ke3 {[%clk 0:04:21]}
Bf1 {[%clk 0:00:35]} 69. Bc7 {[%clk 0:04:11]} Nc8 {[%clk 0:00:51]} 70. Kf4 {[%clk
0:04:36]} Bg2 {[%clk 0:01:04]} 71. g5+ {[%clk 0:04:48]} Kg7 {[%clk 0:01:26]} 72.
Ke5 {[%clk 0:04:03]} Bh3 {[%clk 0:01:46]} 73. Nd3 {[%clk 0:04:10]} Bf5 {[%clk
0:01:45]} 74. Nf4 {[%clk 0:04:09]} Bc2 {[%clk 0:04:22]} 75. Nxe6+ {[%clk
0:01:07]} Kh7 {[%clk 0:04:46]} 76. Kf6 {[%clk 0:01:13]} Bxa4 {[%clk 0:04:57]} 77.
g6+ {[%clk 0:01:36]} Kg8 {[%clk 0:05:26]} 78. h6 {[%clk 0:01:27]} Bxb5 {[%clk
0:01:56]} 79. h7+ {[%clk 0:05:47]} Kh8 {[%clk 0:02:20]} 80. Be5 {[%clk 0:05:47]}
1-0

[Event "Campeonato España Sub 18"]
[Site "Salobreña"]
[Date "2017.07.31"]
[Round "1"]
[White "Gonzalez Capacete, Jose Miguel"]
[Black "Castillo Dalmau, Albert"]
[Result "0-1"]
[Board "17"]
[WhiteClock "1:26"]
[WhiteElo "1955"]
[WhiteCountry "ESP"]
[WhiteFideId "22294589"]
[WhiteEloChange "-3"]
[BlackClock "1:30"]
[BlackElo "2258"]
[BlackCountry "ESP"]
[BlackFideId "32009925"]
[BlackEloChange "3"]

1. e4 {[%clk 1:27:00]} c5 {[%clk 1:30:00]} 2. Nf3 {[%clk 1:27:00]} e6 {[%clk
1:31:00]} 3. d4 {[%clk 1:27:00]} cxd4 {[%clk 1:31:00]} 4. Nxd4 {[%clk 1:28:00]}
Nc6 {[%clk 1:31:00]} 5. Nc3 {[%clk 1:28:00]} Qc7 {[%clk 1:31:00]} 6. g3 {[%clk
1:27:00]} a6 {[%clk 1:31:00]} 7. Bg2 {[%clk 1:28:00]} Nf6 {[%clk 1:32:00]} 8. O-O
{[%clk 1:28:00]} Nxd4 {[%clk 1:31:00]} 9. Qxd4 {[%clk 1:28:00]} Bc5 {[%clk
1:32:00]} 10. Bf4 {[%clk 1:29:00]} d6 {[%clk 1:32:00]} 11. Qd3 {[%clk 1:29:00]}
Nd7 {[%clk 1:27:00]} 12. Rad1 {[%clk 1:27:00]} Ne5 {[%clk 1:26:00]} 13. Bxe5
{[%clk 1:20:00]} dxe5 {[%clk 1:26:00]} 14. Na4 {[%clk 1:21:00]} Be7 {[%clk
1:20:00]} 15. Qe3 {[%clk 1:16:00]} b5 {[%clk 1:10:00]} 16. Nb6 {[%clk 1:15:00]}
Rb8 {[%clk 1:10:00]} 17. Nxc8 {[%clk 1:15:00]} Rxc8 {[%clk 1:11:00]} 18. c3
{[%clk 1:14:00]} O-O {[%clk 1:11:00]} 19. Qe2 {[%clk 1:06:00]} Qb7 {[%clk
1:05:00]} 20. Rd3 {[%clk 1:03:00]} a5 {[%clk 1:00:00]} 21. Rfd1 {[%clk 0:57:00]}
Rc7 {[%clk 1:00:00]} 22. Qh5 {[%clk 0:54:00]} Bf6 {[%clk 0:49:00]} 23. g4 {[%clk
0:54:00]} g6 {[%clk 0:45:00]} 24. Qh6 {[%clk 0:54:00]} Bg7 {[%clk 0:45:00]} 25.
Qe3 {[%clk 0:49:00]} h6 {[%clk 0:38:00]} 26. Rd6 {[%clk 0:44:00]} Rb8 {[%clk
0:38:00]} 27. Rd8+ {[%clk 0:42:00]} Kh7 {[%clk 0:36:00]} 28. g5 {[%clk 0:34:00]}
Rxd8 {[%clk 0:29:00]} 29. Rxd8 {[%clk 0:35:00]} b4 {[%clk 0:28:00]} 30. gxh6
{[%clk 0:21:00]} Bxh6 {[%clk 0:24:00]} 31. Qf3 {[%clk 0:22:00]} Rd7 {[%clk
0:22:00]} 32. Rxd7 {[%clk 0:21:00]} Qxd7 {[%clk 0:22:00]} 33. cxb4 {[%clk
0:21:00]} axb4 {[%clk 0:22:00]} 34. Bf1 {[%clk 0:20:00]} Bc1 {[%clk 0:20:00]} 35.
a3 {[%clk 0:20:00]} bxa3 {[%clk 0:19:27]} 36. bxa3 {[%clk 0:20:00]} Qc7 {[%clk
0:13:17]} 37. a4 {[%clk 0:19:54]} Kg7 {[%clk 0:13:01]} 38. Qd3 {[%clk 0:19:17]}
Bb2 {[%clk 0:13:07]} 39. Qc4 {[%clk 0:18:56]} Qa7 {[%clk 0:13:13]} 40. Qa6 {[%clk
0:18:07]} Qd4 {[%clk 0:13:06]} 41. Qc4 {[%clk 0:17:03]} Qd2 {[%clk 0:13:15]} 42.
Qe2 {[%clk 0:16:33]} Qb4 {[%clk 0:12:55]} 43. Qc4 {[%clk 0:16:45]} Qa3 {[%clk
0:13:16]} 44. Qc2 {[%clk 0:14:17]} Bd4 {[%clk 0:13:12]} 45. Kg2 {[%clk 0:14:05]}
Qe7 {[%clk 0:09:21]} 46. a5 {[%clk 0:13:09]} Qg5+ {[%clk 0:09:34]} 47. Kh1 {[%clk
0:13:36]} Qf4 {[%clk 0:09:24]} 48. Kg1 {[%clk 0:14:01]} f5 {[%clk 0:08:50]} 49.
Bg2 {[%clk 0:13:46]} fxe4 {[%clk 0:08:01]} 50. Bxe4 {[%clk 0:14:10]} Bxf2+ {[%clk
0:07:45]} 51. Qxf2 {[%clk 0:14:38]} Qxe4 {[%clk 0:08:13]} 52. a6 {[%clk 0:14:48]}
Qg4+ {[%clk 0:08:14]} 53. Kf1 {[%clk 0:14:51]} Qd1+ {[%clk 0:08:28]} 54. Kg2
{[%clk 0:15:06]} Qg4+ {[%clk 0:08:32]} 55. Kf1 {[%clk 0:15:34]} Qc4+ {[%clk
0:08:03]} 56. Qe2 {[%clk 0:16:02]} Qc1+ {[%clk 0:07:38]} 57. Qe1 {[%clk 0:15:48]}
Qc5 {[%clk 0:07:10]} 58. Qf2 {[%clk 0:16:11]} Qc1+ {[%clk 0:04:55]} 59. Qe1
{[%clk 0:16:39]} Qc4+ {[%clk 0:04:50]} 60. Qe2 {[%clk 0:17:04]} Qd4 {[%clk
0:05:03]} 61. Qf2 {[%clk 0:17:01]} Qa1+ {[%clk 0:05:22]} 62. Kg2 {[%clk 0:16:44]}
Qxa6 {[%clk 0:05:47]} 63. Qc2 {[%clk 0:17:08]} Qb7+ {[%clk 0:05:28]} 64. Kg1
{[%clk 0:17:30]} Qd5 {[%clk 0:05:53]} 65. Qc7+ {[%clk 0:17:52]} Kf6 {[%clk
0:06:12]} 66. Qc8 {[%clk 0:18:18]} Qd4+ {[%clk 0:06:24]} 67. Kg2 {[%clk 0:18:45]}
Qg4+ {[%clk 0:06:46]} 68. Kf2 {[%clk 0:18:50]} Qf5+ {[%clk 0:05:16]} 69. Kg2
{[%clk 0:19:15]} Kg5 {[%clk 0:05:25]} 70. Qd8+ {[%clk 0:19:34]} Qf6 {[%clk
0:04:24]} 71. Qd2+ {[%clk 0:20:00]} Kh5 {[%clk 0:04:48]} 72. Qc3 {[%clk 0:18:03]}
Qg5+ {[%clk 0:05:00]} 73. Kh1 {[%clk 0:18:21]} Qf5 {[%clk 0:04:56]} 74. Kg2
{[%clk 0:18:41]} Qe4+ {[%clk 0:05:11]} 75. Kf1 {[%clk 0:18:53]} Qh1+ {[%clk
0:05:11]} 0-1

[Event "Campeonato España Sub 18"]
[Site "Salobreña"]
[Date "2017.07.31"]
[Round "1"]
[White "Quispe Arteaga, Gabriel"]
[Black "Tevar Becerra, Alvaro"]
[Result "1-0"]
[Board "18"]
[WhiteClock "n/a"]
[WhiteTitle "FM"]
[WhiteElo "2231"]
[WhiteCountry "ESP"]
[WhiteFideId "32059809"]
[WhiteEloChange "3"]
[BlackClock "n/a"]
[BlackElo "1953"]
[BlackCountry "ESP"]
[BlackFideId "22241825"]
[BlackEloChange "-3"]

1. d4 {[%clk 1:30:30]} d5 {[%clk 1:30:30]} 2. Nf3 {[%clk 1:30:30]} Nf6 {[%clk
1:30:30]} 3. e3 {[%clk 1:30:30]} e6 {[%clk 1:30:30]} 4. Bd3 {[%clk 1:30:30]} Bd6
{[%clk 1:30:30]} 5. O-O {[%clk 1:30:30]} O-O {[%clk 1:30:30]} 6. b3 {[%clk
1:30:30]} Nbd7 {[%clk 1:30:30]} 7. Bb2 {[%clk 1:30:30]} b6 {[%clk 1:30:30]} 8.
Ne5 {[%clk 1:30:30]} Bb7 {[%clk 1:30:30]} 9. c4 {[%clk 1:30:30]} c5 {[%clk
1:30:30]} 10. cxd5 {[%clk 1:30:30]} exd5 {[%clk 1:30:30]} 11. Nxd7 {[%clk
1:30:30]} Nxd7 {[%clk 1:30:30]} 12. dxc5 {[%clk 1:30:30]} bxc5 {[%clk 1:30:30]}
13. Nc3 {[%clk 1:30:30]} Ne5 {[%clk 1:30:30]} 14. f4 {[%clk 1:30:30]} Nxd3 {[%clk
1:30:30]} 15. Qxd3 {[%clk 1:30:30]} Bc7 {[%clk 1:30:30]} 16. Rad1 {[%clk
1:30:30]} Qe7 {[%clk 1:30:30]} 17. Nxd5 {[%clk 1:30:30]} Bxd5 {[%clk 1:30:30]}
18. Qxd5 {[%clk 1:30:30]} Qxe3+ {[%clk 1:30:30]} 19. Kh1 {[%clk 1:30:30]} Rad8
{[%clk 1:30:30]} 20. Qg5 {[%clk 1:30:30]} f6 {[%clk 1:30:30]} 21. Bxf6 {[%clk
1:30:30]} Rxf6 {[%clk 1:30:30]} 22. Rxd8+ {[%clk 1:30:30]} Bxd8 {[%clk 1:30:30]}
23. Qd5+ {[%clk 1:30:30]} Qe6 {[%clk 1:30:30]} 24. Qxd8+ {[%clk 1:30:30]} Rf8
{[%clk 1:30:30]} 25. Qd3 {[%clk 1:30:30]} Re8 {[%clk 1:30:30]} 26. h3 {[%clk
1:30:30]} Qe2 {[%clk 1:30:30]} 27. Qd5+ {[%clk 1:30:30]} Kh8 {[%clk 1:30:30]} 28.
Rc1 {[%clk 1:30:30]} Qxa2 {[%clk 1:30:30]} 29. Qf7 {[%clk 1:30:30]} Rb8 {[%clk
1:30:30]} 30. Rxc5 {[%clk 1:30:30]} h6 {[%clk 1:30:30]} 31. Kh2 {[%clk 1:30:30]}
Qxb3 {[%clk 1:30:30]} 32. Rc8+ {[%clk 1:30:30]} 1-0

[Event "Campeonato España Sub 18"]
[Site "Salobreña"]
[Date "2017.07.31"]
[Round "1"]
[White "Fernandez Lopez, Alejandro I"]
[Black "Garcia Sobrino, David"]
[Result "0-1"]
[Board "19"]
[WhiteClock "1:30"]
[WhiteElo "1931"]
[WhiteCountry "ESP"]
[WhiteFideId "32063490"]
[WhiteEloChange "-3"]
[BlackClock "1:30"]
[BlackTitle "FM"]
[BlackElo "2223"]
[BlackCountry "ESP"]
[BlackFideId "32028407"]
[BlackEloChange "3"]

1. e4 {[%clk 1:30:00]} c5 {[%clk 1:30:00]} 2. Nf3 {[%clk 1:31:00]} e6 {[%clk
1:31:00]} 3. d3 {[%clk 1:31:00]} Nc6 {[%clk 1:30:00]} 4. g3 {[%clk 1:31:00]} d5
{[%clk 1:30:00]} 5. Nbd2 {[%clk 1:31:00]} Nf6 {[%clk 1:31:00]} 6. Bg2 {[%clk
1:31:00]} Be7 {[%clk 1:31:00]} 7. O-O {[%clk 1:32:00]} b6 {[%clk 1:31:00]} 8. Re1
{[%clk 1:31:00]} Bb7 {[%clk 1:30:00]} 9. c3 {[%clk 1:19:00]} Qc7 {[%clk 1:28:00]}
10. a3 {[%clk 1:18:00]} O-O {[%clk 1:06:00]} 11. e5 {[%clk 1:15:00]} Nd7 {[%clk
1:06:00]} 12. d4 {[%clk 1:15:00]} b5 {[%clk 0:46:00]} 13. Nf1 {[%clk 1:09:00]} b4
{[%clk 0:38:00]} 14. dxc5 {[%clk 1:06:00]} a5 {[%clk 0:29:00]} 15. Be3 {[%clk
1:01:00]} bxc3 {[%clk 0:26:00]} 16. bxc3 {[%clk 1:02:00]} Nxc5 {[%clk 0:25:00]}
17. Bd4 {[%clk 1:00:00]} Ba6 {[%clk 0:23:00]} 18. Re3 {[%clk 0:54:00]} a4 {[%clk
0:19:16]} 19. N1d2 {[%clk 0:51:00]} Rfb8 {[%clk 0:17:42]} 20. Rb1 {[%clk
0:37:00]} Rxb1 {[%clk 0:16:35]} 21. Nxb1 {[%clk 0:37:00]} Nb3 {[%clk 0:14:50]}
22. Bf1 {[%clk 0:31:00]} Bxf1 {[%clk 0:13:04]} 23. Qxf1 {[%clk 0:31:00]} Rb8
{[%clk 0:10:20]} 24. Qd3 {[%clk 0:28:00]} Ncxd4 {[%clk 0:05:59]} 25. cxd4 {[%clk
0:26:00]} Bxa3 {[%clk 0:04:26]} 26. Qc3 {[%clk 0:23:00]} Qxc3 {[%clk 0:02:52]}
27. Nxc3 {[%clk 0:23:00]} Bc1 {[%clk 0:02:36]} 28. Rd3 {[%clk 0:23:00]} a3 {[%clk
0:02:23]} 29. Na2 {[%clk 0:23:00]} Bb2 {[%clk 0:02:15]} 30. Rd1 {[%clk 0:22:00]}
Rc8 {[%clk 0:01:47]} 31. Kf1 {[%clk 0:21:00]} Kf8 {[%clk 0:01:17]} 32. Ke1 {[%clk
0:20:00]} Rc4 {[%clk 0:01:00]} 33. Nd2 {[%clk 0:18:41]} Nxd2 {[%clk 0:01:18]} 34.
Rxd2 {[%clk 0:19:06]} Rxd4 {[%clk 0:01:31]} 35. Rxd4 {[%clk 0:19:20]} Bxd4 {[%clk
0:01:59]} 36. f4 {[%clk 0:19:39]} Ke7 {[%clk 0:02:03]} 37. Ke2 {[%clk 0:19:58]}
Kd7 {[%clk 0:02:16]} 38. h3 {[%clk 0:20:00]} h5 {[%clk 0:02:05]} 39. g4 {[%clk
0:20:00]} hxg4 {[%clk 0:02:24]} 40. hxg4 {[%clk 0:21:00]} g5 {[%clk 0:02:24]} 0-1

[Event "Campeonato España Sub 18"]
[Site "Salobreña"]
[Date "2017.07.31"]
[Round "1"]
[White "Rottenwohrer Suarez, Juan"]
[Black "Bartolome Martin, Angel"]
[Result "1/2-1/2"]
[Board "20"]
[WhiteClock "1:30"]
[WhiteTitle "CM"]
[WhiteElo "2214"]
[WhiteCountry "ESP"]
[WhiteFideId "32068182"]
[WhiteEloChange "-7"]
[BlackClock "1:30"]
[BlackElo "1929"]
[BlackCountry "ESP"]
[BlackFideId "24527823"]
[BlackEloChange "7"]

1. d4 {[%clk 1:30:00]} Nf6 {[%clk 1:30:00]} 2. c4 {[%clk 1:31:00]} c5 {[%clk
1:31:00]} 3. d5 {[%clk 1:31:00]} e6 {[%clk 1:31:00]} 4. Nc3 {[%clk 1:31:00]} exd5
{[%clk 1:32:00]} 5. cxd5 {[%clk 1:32:00]} d6 {[%clk 1:32:00]} 6. e4 {[%clk
1:32:00]} g6 {[%clk 1:33:00]} 7. h3 {[%clk 1:32:00]} Bg7 {[%clk 1:33:00]} 8. Nf3
{[%clk 1:33:00]} O-O {[%clk 1:32:00]} 9. Bd3 {[%clk 1:32:00]} a6 {[%clk 1:31:00]}
10. a4 {[%clk 1:32:00]} Nbd7 {[%clk 1:32:00]} 11. O-O {[%clk 1:33:00]} Nh5 {[%clk
1:32:00]} 12. g4 {[%clk 1:16:00]} Nhf6 {[%clk 1:28:00]} 13. Bf4 {[%clk 1:16:00]}
Qe7 {[%clk 1:27:00]} 14. Nd2 {[%clk 1:11:00]} h5 {[%clk 1:15:00]} 15. Nc4 {[%clk
1:02:00]} Ne8 {[%clk 1:07:00]} 16. Kg2 {[%clk 0:39:00]} hxg4 {[%clk 0:48:00]} 17.
hxg4 {[%clk 0:39:00]} Ne5 {[%clk 0:46:00]} 18. Nxe5 {[%clk 0:35:00]} dxe5 {[%clk
0:41:00]} 19. Be3 {[%clk 0:28:00]} b6 {[%clk 0:29:00]} 20. Rh1 {[%clk 0:23:00]}
Nd6 {[%clk 0:24:00]} 21. Qf3 {[%clk 0:14:14]} f5 {[%clk 0:20:00]} 22. gxf5 {[%clk
0:11:05]} gxf5 {[%clk 0:20:00]} 23. Qh5 {[%clk 0:09:03]} f4 {[%clk 0:17:54]} 24.
Qh7+ {[%clk 0:07:01]} Kf7 {[%clk 0:18:12]} 25. Qh5+ {[%clk 0:03:05]} Kg8 {[%clk
0:18:35]} 26. Qh7+ {[%clk 0:02:30]} Kf7 {[%clk 0:19:00]} 27. Qh5+ {[%clk
0:02:03]} Kg8 {[%clk 0:19:20]} 28. Qh7+ {[%clk 0:02:21]} Kf7 {[%clk 0:19:42]} 29.
Qh5+ {[%clk 0:02:46]} Kg8 {[%clk 0:20:00]} 30. Qh7+ {[%clk 0:03:09]} Kf7 {[%clk
0:20:00]} 1/2-1/2

[Event "Campeonato España Sub 18"]
[Site "Salobreña"]
[Date "2017.07.31"]
[Round "1"]
[White "Llamas Guevara, Francisco Jose"]
[Black "Martin Carmona, Gaston Manuel"]
[Result "0-1"]
[Board "21"]
[WhiteClock "n/a"]
[WhiteElo "1926"]
[WhiteCountry "ESP"]
[WhiteFideId "22249540"]
[WhiteEloChange "-3"]
[BlackClock "n/a"]
[BlackElo "2205"]
[BlackCountry "ESP"]
[BlackFideId "22284567"]
[BlackEloChange "3"]

1. e4 {[%clk 1:30:30]} c5 {[%clk 1:30:30]} 2. Na3 {[%clk 1:30:30]} Nf6 {[%clk
1:30:30]} 3. e5 {[%clk 1:30:30]} Nd5 {[%clk 1:30:30]} 4. g3 {[%clk 1:30:30]} d6
{[%clk 1:30:30]} 5. exd6 {[%clk 1:30:30]} exd6 {[%clk 1:30:30]} 6. Bg2 {[%clk
1:30:30]} Nf6 {[%clk 1:30:30]} 7. d4 {[%clk 1:30:30]} d5 {[%clk 1:30:30]} 8. Nf3
{[%clk 1:30:30]} Be7 {[%clk 1:30:30]} 9. c3 {[%clk 1:30:30]} Nc6 {[%clk 1:30:30]}
10. Nc2 {[%clk 1:30:30]} O-O {[%clk 1:30:30]} 11. O-O {[%clk 1:30:30]} Bf5 {[%clk
1:30:30]} 12. Ne3 {[%clk 1:30:30]} Be4 {[%clk 1:30:30]} 13. Ne5 {[%clk 1:30:30]}
Bxg2 {[%clk 1:30:30]} 14. Kxg2 {[%clk 1:30:30]} cxd4 {[%clk 1:30:30]} 15. cxd4
{[%clk 1:30:30]} Re8 {[%clk 1:30:30]} 16. Nf5 {[%clk 1:30:30]} Bf8 {[%clk
1:30:30]} 17. Ng4 {[%clk 1:30:30]} Nxg4 {[%clk 1:30:30]} 18. Qxg4 {[%clk
1:30:30]} Qf6 {[%clk 1:30:30]} 19. Bg5 {[%clk 1:30:30]} Qg6 {[%clk 1:30:30]} 20.
Nh4 {[%clk 1:30:30]} Re4 {[%clk 1:30:30]} 21. Nxg6 {[%clk 1:30:30]} Rxg4 {[%clk
1:30:30]} 22. Nxf8 {[%clk 1:30:30]} Rxg5 {[%clk 1:30:30]} 23. f4 {[%clk 1:30:30]}
Rf5 {[%clk 1:30:30]} 24. g4 {[%clk 1:30:30]} Rf6 {[%clk 1:30:30]} 25. Nd7 {[%clk
1:30:30]} Rd6 {[%clk 1:30:30]} 26. Nc5 {[%clk 1:30:30]} Nxd4 {[%clk 1:30:30]} 27.
Rad1 {[%clk 1:30:30]} Nc2 {[%clk 1:30:30]} 28. Rf3 {[%clk 1:30:30]} b6 {[%clk
1:30:30]} 29. Nb3 {[%clk 1:30:30]} Nb4 {[%clk 1:30:30]} 30. Nd4 {[%clk 1:30:30]}
Rad8 {[%clk 1:30:30]} 31. a3 {[%clk 1:30:30]} Nc6 {[%clk 1:30:30]} 32. Nf5 {[%clk
1:30:30]} R6d7 {[%clk 1:30:30]} 33. Rc3 {[%clk 1:30:30]} Na5 {[%clk 1:30:30]} 34.
Rcd3 {[%clk 1:30:30]} Kf8 {[%clk 1:30:30]} 35. Rh3 {[%clk 1:30:30]} g6 {[%clk
1:30:30]} 36. Nd4 {[%clk 1:30:30]} Kg7 {[%clk 1:30:30]} 37. f5 {[%clk 1:30:30]}
Nc4 {[%clk 1:30:30]} 38. g5 {[%clk 1:30:30]} gxf5 {[%clk 1:30:30]} 39. Nxf5+
{[%clk 1:30:30]} Kg6 {[%clk 1:30:30]} 40. Rf1 {[%clk 1:30:30]} Kxg5 {[%clk
1:30:30]} 41. Rg3+ {[%clk 1:30:30]} Kf6 {[%clk 1:30:30]} 42. Nh6+ {[%clk
1:30:30]} Ke6 {[%clk 1:30:30]} 43. b3 {[%clk 1:30:30]} Nd2 {[%clk 1:30:30]} 44.
Re1+ {[%clk 1:30:30]} Ne4 {[%clk 1:30:30]} 45. Rf3 {[%clk 1:30:30]} f6 {[%clk
1:30:30]} 46. Rf4 {[%clk 1:30:30]} Rg7+ {[%clk 1:30:30]} 47. Kf3 {[%clk 1:30:30]}
Rc8 {[%clk 1:30:30]} 48. Re3 {[%clk 1:30:30]} Rc2 {[%clk 1:30:30]} 49. Ng4 {[%clk
1:30:30]} h5 {[%clk 1:30:30]} 50. Rxf6+ {[%clk 1:30:30]} Ke7 {[%clk 1:30:30]} 51.
b4 {[%clk 1:30:30]} 0-1